Aplikácia účtovných zásad v podvojnom účtovníctve bakalárska práca

Enregistré dans:
Détails bibliographiques
Auteur principal: Heretík, Patrik
Collectivité auteur: Fakulta hospodárskej informatiky EU. Katedra účtovníctva a audítorstva
Autres auteurs: Oriskóová, Denisa
Format: Livre
Langue:slovaque
Publié: Bratislava 2018
Tags: Ajouter un tag
Pas de tags, Soyez le premier à ajouter un tag!

MARC

LEADER 00000nbm a2200000 4500
001 0245426
005 20181106082955.0
041 0 |a slo 
044 |a SK 
245 1 0 |a Aplikácia účtovných zásad v podvojnom účtovníctve  |b bakalárska práca  |c Patrik Heretík ; školiteľ: Denisa Oriskóová 
264 1 |a Bratislava  |c 2018 
300 |a 52 s. 
100 1 |a Heretík, Patrik 
700 1 |a Oriskóová, Denisa 
710 2 |a Fakulta hospodárskej informatiky EU. Katedra účtovníctva a audítorstva